Kinds of Constructs in TOTK - Statistics

General Stats
  • This quiz has been taken 58 times
    56 since last reset
  • The average score is 9 of 12
Answer Stats
Hint Answer % Correct
In The Great Sky Islands Soldier Construct I
94%
In the Rising Island Chain Soldier Construct II
86%
On the way to the Water Temple Soldier Construct III
86%
In The Great Sky Islands Flux Construct I
81%
Near the altar by Dracozu Lake Soldier Construct IV
75%
In The Great Sky Islands Captain Construct I
72%
North of the Usakaz Light Root Flux Construct II
72%
In the Necluda Sky Archipelago Flux Construct III
72%
In Lanayru Sky Archipelago Captain Construct II
64%
In the Fire Temple Captain Construct III
61%
In Typhlo Ruins Captain Construct IV
61%
Helps Train You in Shrines Training Construct
58%
No matching quizzes found
Score Distribution
Percent of People with Each Score
Percentile by Number Answered
Your Score History
You have not taken this quiz since the last reset